03992cam a2200397 i 45000010009000000050017000090080041000260100017000670200018000840200015001020200018001170350024001350410008001590420014001670430012001810820015001931000025002082450102002332600046003352640128003812640011005093000047005203360026005673370028005933380027006215040067006485202634007156500028033496500033033776500022034106500029034326500040034616500033035016500033035346500027035671875952020250328103520.0150825s2016 enkab b 001 0 eng d a 2015950281 a9781785364488 a1785364480 z9781785364495 a(OCoLC)ocn943671761 aeng alccopycat aa------04a337.15 BRU1 aBrunner, Hans-Peter,10aInnovation Networks And The New Asian Regionalism : A Knowledge Platform On Economic Productivity aUKbEdward Elgar Publishing Limitedc2016 1aCheltenham, UK ;aNorthampton, MA :bEdward Elgar Publishing ;aManila, Philippines :bADB, Asian Development Bank,c[2016] 4c©2016 a190 pages : billustrations, maps ;c25 cm atextbtxt2rdacontent aunmediatedbn2rdamedia avolumebnc2rdacarrier aIncludes bibliographical references (pages 151-184) and index. aThe rise of Asia, as well as the future of regional cooperation and integration (RCI) the world over, will be profoundly influenced by the challenges of slowing productivity growth, increasing economic inequalities and systemic vulnerabilities. Such structural reform issues will require RCI policies that complement domestic policy reform. This unique book explains what drives the regional economic integration of nations and their contribution to national knowledge capital. It also lays out how such beneficial integration can generate broad-based, equitable wealth in Europe and Asia. Unique in the regional economic integration literature, this comprehensive book identifies the set of drivers of integration for productivity growth. Importantly, it describes and compares the experiences of the Baltic Sea Region with Asia's use of a set of institutionalized consensual knowledge and decision tools to drive inclusive and productive growth throughout a period dominated by the global economic crisis. Original and enlightening, Innovation Networks and the New Asian Regionalism will be vital reading for academics and researchers interested in regional integration and innovation. Policy makers and practitioners in regional development and economic geography will also find it to be an invaluable resource. The rise of Asia, as well as the future of regional cooperation and integration (RCI) the world over, will be profoundly influenced by the challenges of slowing productivity growth, increasing economic inequalities and systemic vulnerabilities. Such structural reform issues will require RCI policies that complement domestic policy reform. This unique book explains what drives the regional economic integration of nations and their contribution to national knowledge capital. It also lays out how such beneficial integration can generate broad-based, equitable wealth in Europe and Asia. Unique in the regional economic integration literature, this comprehensive book identifies the set of drivers of integration for productivity growth. Importantly, it describes and compares the experiences of the Baltic Sea Region with Asia's use of a set of institutionalized consensual knowledge and decision tools to drive inclusive and productive growth throughout a period dominated by the global economic crisis. Original and enlightening, Innovation Networks and the New Asian Regionalism will be vital reading for academics and researchers interested in regional integration and innovation. Policy makers and practitioners in regional development and economic geography will also find it to be an invaluable resource. 0aIndustrial Productivity 0aProduction (Economic theory) 7aEconomic history. 7aIndustrial productivity. 7aInternational economic integration. 7aProduction (Economic theory) 7aWirtschaftliche Integration. 7aTechnische Innovation.